[Event "SVK-chT 2223"]
[Site "Slovakia"]
[Date "2022.10.23"]
[Round "2.3"]
[White "Harvan, Richard"]
[Black "Rachela, Milan"]
[Result "1/2-1/2"]
[WhiteElo "2100"]
[BlackElo "2327"]
[PlyCount "44"]
[EventDate "2022.10.22"]
[EventType "team-tourn"]
[EventRounds "11"]
[EventCountry "SVK"]
[SourceTitle "EXT 2024"]
[Source "ChessBase"]
[SourceDate "2023.10.10"]
[SourceVersion "1"]
[SourceVersionDate "2023.10.10"]
[SourceQuality "1"]
[WhiteTeam "Humenne Reinter"]
[BlackTeam "Dunajska Streda"]
[WhiteTeamCountry "SVK"]
[BlackTeamCountry "SVK"]

1. c4 Nf6 2. Nc3 e5 3. g3 Bb4 4. Bg2 0-0 5. e3 Re8 6. Nge2 c6 7. 0-0 d6 8. a3 Ba5 9. d3 Bf5 10. b4 Bc7 11. e4 Be6 12. Bg5 h6 13. Bxf6 Qxf6 14. f4 exf4 15. gxf4 Bg4 16. d4 Qe6 17. Qd3 Bxe2 18. Nxe2 a5 19. e5 dxe5 20. fxe5 axb4 21. axb4 Rxa1 22. Rxa1 Qe7 1/2-1/2

[Event "SVK-chT 1516"]
[Site "Slovakia"]
[Date "2016.04.10"]
[Round "11.1"]
[White "Rachela, Milan"]
[Black "Michel, Norbert"]
[Result "1/2-1/2"]
[WhiteElo "2346"]
[BlackElo "1927"]
[PlyCount "175"]
[EventDate "2015.10.10"]
[EventType "team-tourn"]
[EventRounds "11"]
[EventCountry "SVK"]
[SourceTitle "EXT 2017"]
[Source "ChessBase"]
[SourceDate "2016.10.25"]
[SourceVersion "1"]
[SourceVersionDate "2016.10.25"]
[SourceQuality "1"]
[WhiteTeam "Dunajska Streda"]
[BlackTeam "Humenne Reinter"]
[WhiteTeamCountry "SVK"]
[BlackTeamCountry "SVK"]

1. Nf3 Nf6 2. c4 g6 3. Nc3 Bg7 4. d4 0-0 5. Bg5 d6 6. e3 Nbd7 7. Qc2 c5 8. Rd1 b6 9. Be2 a6 10. 0-0 Qc7 11. d5 b5 12. cxb5 axb5 13. Bxb5 Ba6 14. a4 Bxb5 15. Nxb5 Qb7 16. e4 Nb6 17. b3 c4 18. bxc4 Nxa4 19. e5 dxe5 20. Nxe5 h6 21. Bh4 Nb6 22. d6 exd6 23. Nxd6 Qc7 24. c5 Nbd7 25. Nxd7 Nxd7 26. c6 Ne5 27. f4 Qxc6 28. Qe2 Nd7 29. Kh1 Bf6 30. Bg3 Rab8 31. f5 Rb2 32. Qe4 Qxe4 33. Nxe4 Re2 34. Nf2 Ne5 35. Rd6 Be7 36. Rd5 Nc4 37. Rb5 Ne3 38. Re5 Nxf1 39. Rxe2 Nxg3+ 40. hxg3 Bf6 41. Ne4 Kg7 42. g4 Re8 43. g3 Re5 44. fxg6 fxg6 45. Kg2 g5 46. Kf3 Re7 47. Rc2 Be5 48. Rc6 Kh7 49. Rc5 Kg7 50. Rd5 Kh7 51. Kg2 Kg7 52. Nc5 Kh7 53. Na6 Kg7 54. Nb4 Bf6 55. Kf3 Rb7 56. Nc2 Kh7 57. Ne3 Bg7 58. Rd6 Ra7 59. Nf5 Rb7 60. Rd3 Ra7 61. Rb3 Rc7 62. Ne3 Ra7 63. Nd5 Rd7 64. Ke4 Ra7 65. Kf5 Rf7+ 66. Ke6 Ra7 67. Rb6 Bd4 68. Rc6 Bg7 69. Ne3 Rb7 70. Nf5 Ra7 71. Nd6 Bf8 72. Nf5 Bg7 73. Rd6 Rc7 74. Ra6 Rb7 75. Nd6 Rc7 76. Ra4 Bh8 77. Ne4 Bg7 78. Ra6 Rb7 79. Nd6 Rc7 80. Ra8 Bh8 81. Ra6 Bg7 82. Nf5 Rb7 83. Rd6 Ra7 84. Rc6 Rb7 85. Ne3 Ra7 86. Nf5 Rb7 87. Ra6 Rc7 88. Rd6 1/2-1/2

[Event "SVK-chT 1516"]
[Site "Slovakia"]
[Date "2016.04.09"]
[Round "10.1"]
[White "Repkova, Eva"]
[Black "Rachela, Milan"]
[Result "1-0"]
[WhiteElo "2317"]
[BlackElo "2346"]
[PlyCount "53"]
[EventDate "2015.10.10"]
[EventType "team-tourn"]
[EventRounds "11"]
[EventCountry "SVK"]
[SourceTitle "EXT 2017"]
[Source "ChessBase"]
[SourceDate "2016.10.25"]
[SourceVersion "1"]
[SourceVersionDate "2016.10.25"]
[SourceQuality "1"]
[WhiteTeam "Stara Lubovna Angelus"]
[BlackTeam "Dunajska Streda"]
[WhiteTeamCountry "SVK"]
[BlackTeamCountry "SVK"]

1. d4 Nf6 2. Nf3 c5 3. d5 g6 4. Nc3 Bg7 5. e4 d6 6. Bf4 0-0 7. Qd2 a6 8. Bh6 b5 9. Bxg7 Kxg7 10. a3 Bg4 11. Ng5 Re8 12. f3 Bc8 13. h4 h6 14. Nh3 Bxh3 15. Rxh3 h5 16. Be2 e5 17. dxe6 Rxe6 18. g4 hxg4 19. fxg4 b4 20. axb4 cxb4 21. Nd5 Nc6 22. Nxf6 Qxf6 23. 0-0-0 Rxe4 24. Rf1 Qd4 25. Rd3 Qe5 26. Bf3 Rc4 27. Bd5 1-0

[Event "SVK-chT 1516"]
[Site "Slovakia"]
[Date "2015.11.22"]
[Round "4.2"]
[White "Rachela, Milan"]
[Black "Banas, Kamil"]
[Result "1-0"]
[WhiteElo "2346"]
[BlackElo "2164"]
[PlyCount "105"]
[EventDate "2015.10.10"]
[EventType "team-tourn"]
[EventRounds "11"]
[EventCountry "SVK"]
[SourceTitle "EXT 2017"]
[Source "ChessBase"]
[SourceDate "2016.10.25"]
[SourceVersion "1"]
[SourceVersionDate "2016.10.25"]
[SourceQuality "1"]
[WhiteTeam "Dunajska Streda"]
[BlackTeam "Modra"]
[WhiteTeamCountry "SVK"]
[BlackTeamCountry "SVK"]

1. Nf3 d5 2. g3 c6 3. Bg2 e6 4. 0-0 Nf6 5. d4 Be7 6. b3 0-0 7. c4 b6 8. Qc2 Ba6 9. Rd1 Nbd7 10. Nbd2 Rc8 11. e4 dxe4 12. Nxe4 Nxe4 13. Qxe4 Nf6 14. Qc2 Qc7 15. Bf4 Bd6 16. Be5 Rfd8 17. Bxf6 gxf6 18. Qe4 Bf8 19. Qh4 Bg7 20. a4 c5 21. d5 exd5 22. cxd5 Be2 23. Rd2 Bxf3 24. Bxf3 Qd6 25. Re1 Re8 26. Rde2 Re5 27. Rxe5 fxe5 28. Be4 h6 29. Rd1 Rd8 30. Rd3 a5 31. Rf3 Rd7 32. Qh5 Qe7 33. h4 Rd6 34. Rf5 Qc7 35. g4 Qe7 36. g5 Qc7 37. Rf3 Kf8 38. Bg6 Rd7 39. gxh6 Bh8 40. Be4 c4 41. bxc4 Qxc4 42. Qg4 Rd6 43. Kh2 Rf6 44. Rxf6 Bxf6 45. h7 Ke7 46. Qf5 Bh8 47. Qg5+ Kd7 48. Bf5+ Kc7 49. Qe7+ Kb8 50. Qe8+ Kb7 51. Qxf7+ Ka6 52. Kg2 e4 53. Qg8 1-0

[Event "SVK-chT 1516"]
[Site "Slovakia"]
[Date "2015.10.10"]
[Round "1.2"]
[White "Rachela, Milan"]
[Black "Jurcisin, Imrich"]
[Result "1/2-1/2"]
[WhiteElo "2346"]
[BlackElo "2032"]
[PlyCount "127"]
[EventDate "2015.10.10"]
[EventType "team-tourn"]
[EventRounds "11"]
[EventCountry "SVK"]
[SourceTitle "CBM 168 Extra"]
[Source "ChessBase"]
[SourceDate "2015.10.29"]
[SourceVersion "1"]
[SourceVersionDate "2015.10.29"]
[SourceQuality "1"]
[WhiteTeam "Dunajska Streda"]
[BlackTeam "Kosice Slavia"]
[WhiteTeamCountry "SVK"]
[BlackTeamCountry "SVK"]

1. Nf3 c5 2. b3 Nf6 3. Bb2 g6 4. e4 d6 5. Bb5+ Bd7 6. a4 Bg7 7. 0-0 0-0 8. Re1 e5 9. Bxd7 Qxd7 10. Na3 Nc6 11. Nc4 Nh5 12. Nh4 Rad8 13. Nf5 gxf5 14. Qxh5 fxe4 15. Rxe4 Qe6 16. f4 Qg6 17. Qe2 d5 18. Rxe5 Nxe5 19. Nxe5 Qxc2 20. Ba3 Rfe8 21. Qh5 Bxe5 22. fxe5 b6 23. Rf1 Qg6 24. Qh4 Rd7 25. Rf4 Qb1+ 26. Kf2 Re6 27. Qg4+ Qg6 28. Qh3 Kh8 29. b4 Qh6 30. Qxh6 Rxh6 31. bxc5 bxc5 32. Bxc5 Re6 33. Rb4 Kg7 34. Bd4 Kg6 35. g4 h5 36. gxh5+ Kxh5 37. Kf3 Rc6 38. d3 Rc1 39. Bf2 Rc3 40. Ke3 Ra3 41. Rd4 Ra2 42. Bg3 Kg5 43. h4+ Kh5 44. Kf3 Ra3 45. Bf2 Ra1 46. Be3 Rf1+ 47. Bf2 Rd1 48. Ke2 Ra1 49. Be3 Rh1 50. Bf2 Ra1 51. Kf3 Rd1 52. Be3 Rh1 53. Bg5 Rf1+ 54. Ke2 Rg1 55. Rf4 Ra1 56. Rf6 Kg4 57. Rf4+ Kh5 58. Rb4 Kg6 59. Bf6 Kf5 60. Kf3 Rf1+ 61. Kg3 Rg1+ 62. Kf3 Rf1+ 63. Kg3 Rg1+ 64. Kf3 1/2-1/2

[Event "SVK-chT 1415"]
[Site "Slovakia"]
[Date "2015.03.21"]
[Round "10.2"]
[White "Sepesi, Samuel"]
[Black "Rachela, Milan"]
[Result "0-1"]
[WhiteElo "2019"]
[BlackElo "2368"]
[PlyCount "82"]
[EventDate "2014.10.25"]
[EventType "team-tourn"]
[EventRounds "11"]
[EventCountry "SVK"]
[SourceTitle "EXT 2016"]
[Source "ChessBase"]
[SourceDate "2015.10.08"]
[SourceVersion "1"]
[SourceVersionDate "2015.10.08"]
[SourceQuality "1"]
[WhiteTeam "Prakovce"]
[BlackTeam "Dunajska Streda"]
[WhiteTeamCountry "SVK"]
[BlackTeamCountry "SVK"]

1. e4 e5 2. Nf3 Nc6 3. Bc4 Bc5 4. c3 d6 5. 0-0 Bb6 6. d3 Nf6 7. Nbd2 0-0 8. Bb3 Re8 9. Nc4 h6 10. Be3 Be6 11. Bxb6 axb6 12. Re1 b5 13. Ne3 Qd7 14. Bd5 Bxd5 15. exd5 Ne7 16. Qb3 c6 17. dxc6 bxc6 18. a4 bxa4 19. Rxa4 Reb8 20. Rxa8 Rxa8 21. Nc4 Ned5 22. d4 e4 23. Nfd2 Nf4 24. h3 Nd3 25. Rf1 Re8 26. Qc2 d5 27. Ne3 Nh5 28. f3 Ng3 29. Ra1 Ne2+ 30. Kf1 Ng3+ 31. Kg1 f5 32. Ndf1 Nh5 33. c4 f4 34. Ng4 Qb7 35. b3 Qb6 36. c5 Qb4 37. Ra4 Qe1 38. fxe4 f3 39. gxf3 Nhf4 40. Nge3 Ne2+ 41. Kh1 Qf2 0-1

[Event "SVK-chT 1415"]
[Site "Slovakia"]
[Date "2015.01.18"]
[Round "6.3"]
[White "Rachela, Milan"]
[Black "Zetocha, Claudiu"]
[Result "1/2-1/2"]
[WhiteElo "2368"]
[BlackElo "2307"]
[PlyCount "82"]
[EventDate "2014.10.25"]
[EventType "team-tourn"]
[EventRounds "11"]
[EventCountry "SVK"]
[SourceTitle "EXT 2016"]
[Source "ChessBase"]
[SourceDate "2015.10.08"]
[SourceVersion "1"]
[SourceVersionDate "2015.10.08"]
[SourceQuality "1"]
[WhiteTeam "Dunajska Streda"]
[BlackTeam "Bratislava Slovan"]
[WhiteTeamCountry "SVK"]
[BlackTeamCountry "SVK"]

1. d4 Nf6 2. Nc3 d5 3. Bg5 Bf5 4. Bxf6 exf6 5. e3 c6 6. Bd3 Bxd3 7. Qxd3 Be7 8. Nge2 Qd7 9. h3 Na6 10. a3 Nc7 11. e4 dxe4 12. Qxe4 0-0 13. 0-0 f5 14. Qf3 Bf6 15. Rad1 Rad8 16. Ng3 g6 17. Nce4 Bxd4 18. Nf6+ Bxf6 19. Rxd7 Rxd7 20. Rd1 Rxd1+ 21. Qxd1 Rd8 22. Qf3 Ne6 23. c3 Kg7 24. Nf1 h5 25. g3 Rd7 26. Qe3 a6 27. h4 Be7 28. b4 Bf6 29. Nd2 Nc7 30. c4 Bd4 31. Qe2 Bc3 32. Nb3 Ne6 33. Qe3 Bb2 34. Kg2 Kg8 35. Na5 Bf6 36. c5 f4 37. gxf4 Rd3 38. Qc1 Rc3 39. Qd2 Rd3 40. Qc1 Rc3 41. Qd2 Rd3 1/2-1/2

[Event "SVK-chT 1415"]
[Site "Slovakia"]
[Date "2014.11.23"]
[Round "4.3"]
[White "Rachela, Milan"]
[Black "Magat, Jozef"]
[Result "1/2-1/2"]
[WhiteElo "2368"]
[BlackElo "2130"]
[PlyCount "154"]
[EventDate "2014.10.25"]
[EventType "team-tourn"]
[EventRounds "11"]
[EventCountry "SVK"]
[SourceTitle "CBM 163 Extra"]
[Source "ChessBase"]
[SourceDate "2014.12.23"]
[SourceVersion "1"]
[SourceVersionDate "2014.12.23"]
[SourceQuality "1"]
[WhiteTeam "Dunajska Streda"]
[BlackTeam "Dunajov"]
[WhiteTeamCountry "SVK"]
[BlackTeamCountry "SVK"]

1. Nf3 Nf6 2. c4 c5 3. g3 g6 4. b3 Bg7 5. Bb2 Nc6 6. Bg2 d6 7. 0-0 0-0 8. d3 Rb8 9. Nbd2 Bd7 10. a3 a6 11. Ra2 Qc7 12. Qa1 Ne8 13. Rc1 Qb6 14. Bxg7 Nxg7 15. Rb1 Qc7 16. b4 b6 17. Ne4 Na7 18. Nc3 Bc6 19. b5 Bxf3 20. Bxf3 a5 21. Nd5 Qd8 22. e3 Nc8 23. Rd1 Ne8 24. h4 e6 25. Nf4 Qf6 26. Qxf6 Nxf6 27. Ne2 d5 28. g4 Ne7 29. cxd5 Nfxd5 30. Rc2 Rbc8 31. Rdc1 Rfd8 32. Kg2 Kg7 33. Rc4 Nc7 34. d4 Nxb5 35. dxc5 Nxa3 36. Ra4 Nb5 37. cxb6 Rxc1 38. Nxc1 Rb8 39. b7 Nd5 40. Rxa5 Rxb7 41. Bxd5 exd5 42. Ne2 Nc7 43. Rc5 Kf6 44. Nc3 Ke6 45. Kg3 Kd6 46. Ra5 Rb3 47. Ne2 Ne6 48. Ra4 Rb2 49. Ra6+ Kc7 50. Ra7+ Rb7 51. Rxb7+ Kxb7 52. Nd4 Kc7 53. Nf3 Kd6 54. g5 Nc5 55. Nh2 Ke6 56. Ng4 Ne4+ 57. Kf4 f5 58. gxf6 Nxf6 59. Nh2 h6 60. Nf3 Nh5+ 61. Kg4 Nf6+ 62. Kh3 Ne4 63. Nd4+ Kf6 64. f3 Nc3 65. Kg4 Nd1 66. Nc2 Nf2+ 67. Kg3 Nd1 68. Kg2 Ke5 69. Kf1 Nb2 70. Ke2 Nc4 71. Kd3 Nb2+ 72. Kc3 Na4+ 73. Kb4 Nb2 74. Kc5 Nd1 75. Kc6 Nxe3 76. Nxe3 Kf4 77. Nxd5+ Kxf3 1/2-1/2

[Event "SVK-chT 1314"]
[Site "Slovakia"]
[Date "2014.03.29"]
[Round "10.1"]
[White "Rachela, Milan"]
[Black "Straka, Jozef1111"]
[Result "1-0"]
[WhiteElo "2371"]
[BlackElo "2291"]
[PlyCount "124"]
[EventDate "2013.11.09"]
[EventType "team-tourn"]
[EventRounds "11"]
[EventCountry "SVK"]
[SourceTitle "EXT 2015"]
[Source "ChessBase"]
[SourceDate "2014.11.20"]
[SourceVersion "1"]
[SourceVersionDate "2014.11.20"]
[SourceQuality "1"]
[WhiteTeam "Dunajska Streda"]
[BlackTeam "Cadca"]
[WhiteTeamCountry "SVK"]
[BlackTeamCountry "SVK"]

1. Nf3 d5 2. g3 c6 3. Bg2 Bg4 4. c4 Nf6 5. h3 Bxf3 6. Bxf3 e6 7. 0-0 Nbd7 8. cxd5 cxd5 9. d3 Bd6 10. Nc3 0-0 11. Bg2 Rc8 12. Nb5 Bb8 13. Be3 Qa5 14. Nd4 Qb4 15. Qb1 Nb6 16. a3 Qe7 17. Rc1 h6 18. Qa2 Rfd8 19. Qb3 e5 20. Nf5 Rxc1+ 21. Rxc1 Qe6 22. Bxb6 axb6 23. Ne3 Kh7 24. a4 Qd6 25. Qb5 h5 26. Rc2 h4 27. Nf5 Qd7 28. Qxd7 Rxd7 29. Nxh4 e4 30. Nf5 Kg6 31. Ne3 Be5 32. h4 Bd4 33. Bh3 Rd8 34. Nf5 exd3 35. exd3 Be5 36. d4 Bb8 37. Ne7+ Kh6 38. Nc8 Ne4 39. Bf5 g6 40. Bxe4 dxe4 41. Rc4 e3 42. fxe3 Bxg3 43. Kg2 Bxh4 44. e4 Re8 45. Nd6 Re7 46. d5 Bf6 47. b4 Be5 48. Nc8 b5 49. axb5 Re8 50. Nb6 f5 51. Nd7 Bd6 52. exf5 gxf5 53. b6 Re2+ 54. Kf1 Rd2 55. Rc7 Rxd5 56. Rxb7 Bxb4 57. Rc7 Ba5 58. Rc6+ Kg5 59. b7 Rd1+ 60. Ke2 Rd2+ 61. Ke3 f4+ 62. Ke4 Re2+ 1-0

[Event "SVK-chT2A 1213"]
[Site "Slovakia"]
[Date "2013.03.17"]
[Round "11.1"]
[White "Certek, Pavel"]
[Black "Rachela, Milan"]
[Result "1/2-1/2"]
[WhiteElo "2315"]
[BlackElo "2364"]
[PlyCount "91"]
[EventDate "2012.10.13"]
[EventType "team-tourn"]
[EventRounds "11"]
[EventCountry "SVK"]
[SourceTitle "EXT 2015"]
[Source "ChessBase"]
[SourceDate "2014.11.20"]
[SourceVersion "1"]
[SourceVersionDate "2014.11.20"]
[SourceQuality "1"]
[WhiteTeam "Bratislava DP"]
[BlackTeam "Dunajska Streda II"]
[WhiteTeamCountry "SVK"]
[BlackTeamCountry "SVK"]

1. d4 Nf6 2. c4 e6 3. Nf3 Bb4+ 4. Bd2 c5 5. Bxb4 cxb4 6. a3 Na6 7. Qa4 bxa3 8. Qxa3 d6 9. b4 0-0 10. b5 Nc7 11. Nc3 d5 12. c5 Bd7 13. e3 Ne4 14. Rb1 Qe8 15. Nxe4 dxe4 16. Nd2 Nxb5 17. Qb2 a6 18. Nxe4 f5 19. Bxb5 Bxb5 20. Nd6 Qg6 21. f3 Bc6 22. 0-0 a5 23. Qe2 Ra7 24. Nc4 Rd8 25. Ne5 Qe8 26. Qb2 a4 27. Ra1 Ra5 28. Qc3 Rda8 29. Nc4 R5a6 30. Rfb1 Qe7 31. Rb4 Rd8 32. Ne5 Qe8 33. Qc2 a3 34. Nxc6 bxc6 35. Ra4 Rxa4 36. Qxa4 e5 37. Qb3+ Kh8 38. dxe5 Qxe5 39. Qxa3 f4 40. Re1 h6 41. Qc1 fxe3 42. Qxe3 Qxe3+ 43. Rxe3 Rd5 44. Rc3 Rd2 45. Rc4 Kg8 46. Ra4 1/2-1/2

[Event "SVK-chT 1213"]
[Site "Slovakia"]
[Date "2013.02.09"]
[Round "7.1"]
[White "Rachela, Milan"]
[Black "Kalisky, Vladimir"]
[Result "1-0"]
[WhiteElo "2364"]
[BlackElo "2246"]
[PlyCount "51"]
[EventDate "2012.10.27"]
[EventType "team-tourn"]
[EventRounds "11"]
[EventCountry "SVK"]
[SourceTitle "EXT 2014"]
[Source "ChessBase"]
[SourceDate "2013.11.20"]
[SourceVersion "1"]
[SourceVersionDate "2013.11.20"]
[SourceQuality "1"]
[WhiteTeam "Dunajska Streda"]
[BlackTeam "Nitra"]
[WhiteTeamCountry "SVK"]
[BlackTeamCountry "SVK"]

1. Nf3 d5 2. g3 Nf6 3. Bg2 Bf5 4. c4 e6 5. Qb3 Nc6 6. 0-0 a6 7. d3 Be7 8. Bf4 0-0 9. Qxb7 Nb4 10. a3 Nc2 11. Ra2 dxc4 12. dxc4 Bd6 13. Nc3 Nd7 14. Bxd6 cxd6 15. b4 Rb8 16. Qxa6 Qf6 17. e4 Qxc3 18. exf5 Nb6 19. c5 Nc4 20. fxe6 fxe6 21. Rxc2 Qxc2 22. Nd4 Qa2 23. Nxe6 Nd2 24. Nxf8 Nxf1 25. Bxf1 Rxf8 26. Bc4+ 1-0

[Event "SVK-chT 1213"]
[Site "Slovakia"]
[Date "2012.11.24"]
[Round "3.2"]
[White "Rachela, Milan"]
[Black "Kriebel, Tadeas"]
[Result "1/2-1/2"]
[WhiteElo "2364"]
[BlackElo "2359"]
[PlyCount "83"]
[EventDate "2012.10.27"]
[EventType "team-tourn"]
[EventRounds "11"]
[EventCountry "SVK"]
[SourceTitle "EXT 2014"]
[Source "ChessBase"]
[SourceDate "2013.11.20"]
[SourceVersion "1"]
[SourceVersionDate "2013.11.20"]
[SourceQuality "1"]
[WhiteTeam "Dunajska Streda"]
[BlackTeam "Cadca"]
[WhiteTeamCountry "SVK"]
[BlackTeamCountry "SVK"]

1. Nf3 c5 2. c4 Nc6 3. d4 cxd4 4. Nxd4 Nf6 5. Nc3 e6 6. a3 d5 7. cxd5 exd5 8. Bg5 Be7 9. e3 0-0 10. Be2 Be6 11. 0-0 Rc8 12. Rc1 a6 13. Nxc6 Rxc6 14. Bd3 h6 15. Bf4 Qd7 16. Qd2 Rd8 17. Ne2 Ne4 18. Bxe4 dxe4 19. Qxd7 Rxd7 20. Nd4 Rxc1 21. Rxc1 Bd5 22. Be5 f6 23. Bc7 Kf7 24. h3 g6 25. Ba5 Bd6 26. Rc8 Be5 27. Bc3 Rc7 28. Rh8 Kg7 29. Rd8 Bc4 30. Ba5 b6 31. Bb4 Bf7 32. Bc3 Bc4 33. f4 exf3 34. gxf3 Rf7 35. f4 Bc7 36. Rc8 Rd7 37. Kf2 Kf7 38. h4 Bd5 39. Rh8 Kg7 40. Rc8 Kf7 41. Rh8 Kg7 42. Rc8 1/2-1/2

[Event "SVK-chT2A 1213"]
[Site "Slovakia"]
[Date "2012.10.14"]
[Round "2.1"]
[White "Pagerka, Martin"]
[Black "Rachela, Milan"]
[Result "0-1"]
[WhiteElo "2261"]
[BlackElo "2364"]
[PlyCount "110"]
[EventDate "2012.10.13"]
[EventType "team-tourn"]
[EventRounds "11"]
[EventCountry "SVK"]
[SourceTitle "EXT 2015"]
[Source "ChessBase"]
[SourceDate "2014.11.20"]
[SourceVersion "1"]
[SourceVersionDate "2014.11.20"]
[SourceQuality "1"]
[WhiteTeam "Osuske II"]
[BlackTeam "Dunajska Streda II"]
[WhiteTeamCountry "SVK"]
[BlackTeamCountry "SVK"]

1. e4 e5 2. Nf3 Nc6 3. Bb5 a6 4. Ba4 Nge7 5. 0-0 d6 6. c3 Bd7 7. d4 Ng6 8. Bb3 Be7 9. a4 h6 10. a5 Bg5 11. Nbd2 Qf6 12. Bc4 Nf4 13. Qb3 0-0-0 14. Ra4 exd4 15. cxd4 Nxd4 16. Nxd4 Bxa4 17. Qc3 d5 18. e5 Qg6 19. Ba2 Kb8 20. Bb1 Qh5 21. Re1 Ne6 22. g3 Be7 23. b4 Rc8 24. Bf5 Nxd4 25. g4 Nb5 26. Qa1 Qh4 27. Nf3 Qh3 28. Re3 Bh4 29. Qxa4 d4 30. Rd3 g6 31. Nd2 Bxf2+ 32. Kh1 Qh4 33. Nf3 Qe7 34. Bxc8 Rxc8 35. Bxh6 Qe6 36. Kg2 Be3 37. Bxe3 Qxg4+ 38. Kf2 dxe3+ 39. Kxe3 Re8 40. Qb3 Qf5 41. Qd5 g5 42. Qe4 Qh3 43. Kd2 g4 44. Nd4 Qxh2+ 45. Kc1 Rxe5 46. Nxb5 Qg1+ 47. Kc2 Rxb5 48. Qe8+ Ka7 49. Rd8 Qf2+ 50. Kb3 Qf3+ 51. Ka2 b6 52. Rd7 Qg2+ 53. Kb3 Qg3+ 54. Ka2 Rxb4 55. axb6+ Rxb6 0-1

[Event "HUN-chT 1112"]
[Site "Hungary"]
[Date "2012.05.06"]
[Round "10"]
[White "Rachela, Milan"]
[Black "Flumbort, Andras"]
[Result "1/2-1/2"]
[WhiteElo "2375"]
[BlackElo "2539"]
[PlyCount "59"]
[EventDate "2011.09.25"]
[EventType "team-tourn"]
[EventRounds "11"]
[EventCountry "HUN"]
[SourceTitle "EXT 2013"]
[Source "ChessBase"]
[SourceDate "2012.11.22"]
[SourceVersion "1"]
[SourceVersionDate "2012.11.22"]
[SourceQuality "1"]
[WhiteTeam "HVSE Infraplan"]
[BlackTeam "Aquaprofit"]
[WhiteTeamCountry "HUN"]
[BlackTeamCountry "HUN"]

1. d4 Nf6 2. c4 g6 3. Nc3 d5 4. cxd5 Nxd5 5. e4 Nxc3 6. bxc3 Bg7 7. Qa4+ Nd7 8. Be3 c5 9. Rc1 0-0 10. f3 Nb6 11. Qd1 cxd4 12. cxd4 Bd7 13. h4 Rc8 14. h5 Ba4 15. Rxc8 Qxc8 16. Qd2 Rd8 17. hxg6 hxg6 18. Bd3 Nc4 19. Bxc4 Qxc4 20. Ne2 Bb5 21. Kf2 Qxe2+ 22. Qxe2 Bxe2 23. Kxe2 Bxd4 24. Rd1 e5 25. Bxd4 exd4 26. Kd3 Rd6 27. Rb1 Ra6 28. Rxb7 Rxa2 29. Kxd4 Rxg2 30. Rxa7 1/2-1/2

[Event "SVK-chT 1112"]
[Site "Slovakia"]
[Date "2012.03.10"]
[Round "10.1"]
[White "Rachela, Milan"]
[Black "Antoniewski, Rafal"]
[Result "0-1"]
[WhiteElo "2375"]
[BlackElo "2585"]
[PlyCount "40"]
[EventDate "2011.10.22"]
[EventType "team-tourn"]
[EventRounds "11"]
[EventCountry "SVK"]
[SourceTitle "EXT 2013"]
[Source "ChessBase"]
[SourceDate "2012.11.22"]
[SourceVersion "1"]
[SourceVersionDate "2012.11.22"]
[SourceQuality "1"]
[WhiteTeam "Dunajska Streda"]
[BlackTeam "Dunajov"]
[WhiteTeamCountry "SVK"]
[BlackTeamCountry "SVK"]

1. Nf3 d6 2. d4 g6 3. e4 Bg7 4. c3 Nf6 5. Bd3 0-0 6. 0-0 Nc6 7. b4 a6 8. Re1 e5 9. d5 Ne7 10. c4 c6 11. Nbd2 a5 12. dxc6 axb4 13. cxb7 Bxb7 14. Bb2 Nd7 15. a3 Nc6 16. Nf1 Nc5 17. Ne3 b3 18. Nd5 f5 19. Bb1 Na5 20. Nd2 Bxd5 0-1

[Event "SVK-chT 1112"]
[Site "Slovakia"]
[Date "2012.02.11"]
[Round "7.2"]
[White "Rachela, Milan"]
[Black "Meszaros, Michal"]
[Result "0-1"]
[WhiteElo "2375"]
[BlackElo "2377"]
[PlyCount "116"]
[EventDate "2011.10.22"]
[EventType "team-tourn"]
[EventRounds "11"]
[EventCountry "SVK"]
[SourceTitle "EXT 2013"]
[Source "ChessBase"]
[SourceDate "2012.11.22"]
[SourceVersion "1"]
[SourceVersionDate "2012.11.22"]
[SourceQuality "1"]
[WhiteTeam "Dunajska Streda"]
[BlackTeam "Trencin"]
[WhiteTeamCountry "SVK"]
[BlackTeamCountry "SVK"]

1. Nf3 Nf6 2. c4 g6 3. Nc3 d5 4. cxd5 Nxd5 5. Qa4+ c6 6. Qd4 f6 7. a3 Bg7 8. e4 e5 9. Qd3 Nxc3 10. Qxc3 f5 11. h4 fxe4 12. Ng5 Bf5 13. Bc4 Qd7 14. Bf7+ Kd8 15. Ba2 Kc7 16. Qe3 Bh6 17. b4 Bxg5 18. Qxg5 Qd8 19. Bb2 Nd7 20. Qg3 Qe7 21. Rc1 Rhe8 22. 0-0 Rad8 23. b5 Nc5 24. Qc3 b6 25. Qb4 cxb5 26. a4 Kb7 27. Ba3 Rd4 28. Qxb5 Bd7 29. Qb1 Rc8 30. a5 Ra4 31. Bd5+ Ka6 32. axb6 axb6 33. Rc3 Qd6 34. Bb3 Rxa3 35. Bc4+ b5 36. Rxa3+ Kb6 37. Be2 Qxd2 38. Ra2 Qd4 39. Qe1 b4 40. Qb1 Nd3 41. Qa1 Qxa1 42. Raxa1 Rc2 43. Bd1 Rb2 44. Ra8 Bc6 45. Rb8+ Kc7 46. Rh8 e3 47. Rxh7+ Kb6 48. Rh6 e2 49. Bxe2 Rxe2 50. Rxg6 b3 51. h5 b2 52. Rg4 e4 53. h6 Re1 54. Rxe1 Nxe1 55. h7 b1Q 56. Kh2 Qb2 57. Rg8 e3 58. fxe3 Qe5+ 0-1

[Event "HUN-chT2 Charousek 1112"]
[Site "Hungary"]
[Date "2011.11.13"]
[Round "3"]
[White "Fancsy, Imre"]
[Black "Rachela, Milan"]
[Result "1/2-1/2"]
[WhiteElo "2382"]
[BlackElo "2375"]
[PlyCount "29"]
[EventDate "2011.09.25"]
[EventType "team-tourn"]
[EventRounds "11"]
[EventCountry "HUN"]
[SourceTitle "EXT 2013"]
[Source "ChessBase"]
[SourceDate "2012.11.22"]
[SourceVersion "1"]
[SourceVersionDate "2012.11.22"]
[SourceQuality "1"]
[WhiteTeam "Balatonfuered"]
[BlackTeam "Haladas II"]
[WhiteTeamCountry "HUN"]
[BlackTeamCountry "HUN"]

1. Nf3 Nf6 2. c4 e6 3. g3 c5 4. Bg2 a6 5. 0-0 Qc7 6. b3 b6 7. Nc3 Bb7 8. d4 cxd4 9. Qxd4 d6 10. Rd1 Nbd7 11. e4 Rc8 12. Bb2 Be7 13. h3 0-0 14. Rac1 Qb8 15. Qe3 1/2-1/2

[Event "SVK-chT 1112"]
[Site "Slovakia"]
[Date "2011.10.22"]
[Round "2.3"]
[White "Rachela, Milan"]
[Black "Plachetka, Jan"]
[Result "1/2-1/2"]
[WhiteElo "2375"]
[BlackElo "2388"]
[PlyCount "36"]
[EventDate "2011.10.22"]
[EventType "team-tourn"]
[EventRounds "11"]
[EventCountry "SVK"]
[SourceTitle "CBM 144 Extra"]
[Source "ChessBase"]
[SourceDate "2011.10.28"]
[SourceVersion "1"]
[SourceVersionDate "2011.10.28"]
[SourceQuality "1"]
[WhiteTeam "Dunajska Streda"]
[BlackTeam "Liptov Magic"]
[WhiteTeamCountry "SVK"]
[BlackTeamCountry "SVK"]

1. Nf3 c5 2. e4 Nc6 3. d3 g6 4. g3 Bg7 5. Bg2 d6 6. 0-0 Nf6 7. Nbd2 0-0 8. Rb1 Nb4 9. Ra1 a5 10. Re1 a4 11. e5 Ng4 12. a3 Nc6 13. exd6 exd6 14. Ne4 h6 15. h3 Nge5 16. Nxe5 Nxe5 17. Nc3 Be6 18. Nd5 Ra7 1/2-1/2